000
00289nam a2200109Ia 4500
008
200302s9999 xx 000 0 und d
100
_a
Edward D. Levinson
245
_a
Architectural Rendering Fundamentals
260
_b
Mcgraw-hill International Book Co.,
260
_c
1983
300
_a
252 P.,
999
_c
796
_d
796